| 000 | 00350nam a2200145Ia 4500 | ||
|---|---|---|---|
| 008 | 230917s9999||||xx |||||||||||||| ||und|| | ||
| 040 |
_e118601 _aMAIN |
||
| 041 | _aEnglish | ||
| 082 | _a574.19283 K525B | ||
| 100 | _aKeyzer, Hendrik Ed. | ||
| 245 | 0 | _aBioelectrochemistry | |
| 260 |
_aNew York _bPlenum _c1980 |
||
| 300 | _a434p. p. | ||
| 942 | _cBK | ||
| 999 |
_c224139 _d224139 |
||